How to write and publish a scientific paper

Guardat en:
Dades bibliogràfiques
Autors principals: Day, Robert A (Autor), Gastel, Barbara (Autor)
Format: Llibre
Idioma:anglès
Publicat: Westport Greenwood Press 2006
Edició:6a. ed
Matèries:
Etiquetes: Afegir etiqueta
Sense etiquetes, Sigues el primer a etiquetar aquest registre!

MARC

LEADER 00000nam a2200000 a 4500
001 UCI3839
003 CL-VaPUC
008 071130e20060000US |||||||||||||||||eng|d
020 |a 0313330409 
082 0 4 |a 001.42  |b DAY  |2 21 
100 0 |a Day, Robert A  |e author  |9 525376 
700 0 |a Gastel, Barbara  |e author  |9 525377 
245 1 0 |a How to write and publish a scientific paper 
250 |a 6a. ed 
300 |a 302 p 
942 |c BK 
945 |d 20071130 00:00:00  |a jtorresc 
260 |a Westport  |b Greenwood Press  |c 2006 
650 0 |x Redacción  |9 255241 
650 0 |a Informes técnicos  |9 259856 
583 |a last modification  |c 20071130 00:00:00  |k Rodrigo Vera 
999 |c 327901  |d 327899 
952 |0 0  |1 0  |4 0  |6 001_420000000000000_DAY_2006  |7 0  |8 A  |9 411435  |a BIBALI  |b BIBALI  |c GEN  |d 2019-11-22  |i 4393015  |l 4  |o 001.42 DAY 2006  |p 4393015  |r 2025-01-20  |s 2022-05-31  |w 2019-11-22  |y BK  |k ALI 
952 |0 0  |1 0  |4 0  |6 001_420000000000000_DAY_2006  |7 0  |8 A  |9 411436  |a BIBALI  |b BIBALI  |c GEN  |d 2019-11-22  |i 4393023  |o 001.42 DAY 2006  |p 4393023  |r 2025-01-20  |w 2019-11-22  |y BK  |k ALI 
952 |0 0  |1 0  |2 ddc  |4 0  |6 001_420000000000000_DAY_2006  |7 0  |8 A  |9 411437  |a BIBALI  |b BIBALI  |d 2019-11-22  |i 4393031  |l 3  |m 3  |o 001.42 DAY 2006  |p 4393031  |q 2025-07-31  |r 2024-03-14  |s 2024-03-14  |w 2019-11-22  |y BK  |k ALI